Paesi con ISU più basso - Statistics

Statistiche generali
  • Questo quiz è stato fatto 71 volte
  • Il punteggio medio è 17 su 25
Statistiche sulle risposte
Posizione Paese % Corretto
187 Ciad
87%
179 Repubblica Democratica del Congo
87%
168 Sudan
85%
185 Burundi
81%
183 Eritrea
79%
184 Mali
79%
189 Niger
79%
174 Gambia
75%
175 Guinea
75%
186 Sud Sudan
75%
173 Etiopia
73%
180 Mozambico
69%
188 Repubblica Centrafricana
69%
167 Togo
69%
178 Guinea Bissau
67%
172 Malawi
67%
166 Senegal
67%
181 Sierra Leone
65%
182 Burkina Faso
63%
165 Costa d'avorio
63%
171 Gibuti
62%
177 Yemen
62%
170 Afghanistan
58%
176 Liberia
54%
169 Haiti
38%
Nessun quiz corrispondente trovato
Distribuzione punteggi
Percentuale di utenti per punteggio
Percentile per numero di risposta
I tuoi punteggi nel tempo
Non hai fatto questo quiz